[Event "Titled Tue 13th Feb Late"]
[Site "chess.com INT"]
[Date "2024.02.13"]
[Round "4"]
[White "Le, Quang Liem"]
[Black "Lobanov, Sergei"]
[Result "1-0"]
[WhiteElo "2731"]
[BlackElo "2502"]
[PlyCount "75"]
[EventDate "2024.02.13"]

1. Nf3 d5 2. e3 Nf6 3. c4 e6 4. Nc3 Bd6 5. b3 b6 6. Bb2 Nbd7 7. cxd5 exd5 8. Rc1 a6 9. g3 Bb7 10. Bg2 O-O 11. O-O c5 ({RR} 11... Re8 12. Re1 Nc5 13. d3 Bf8 14. Ne2 Ne6 15. Ne5 c5 16. d4 Rc8 17. Nf4 Nxf4 18. exf4 Rc7 19. Rc2 Ne4 20. dxc5 bxc5 21. Rce2 Qa8 22. Ng4 h5 23. Ne5 a5 24. Re3 Nf6 25. R3e2 a4 26. Qc2 {Keymer,V (2726)-Duda,J (2734) Warsaw POL 2024 0-1 (40)}) ({RR} 11... Qe7 12. Nh4 g6 13. Nf3 Rfe8 14. Re1 Rad8 15. Re2 Nf8 16. Na4 Ne4 17. d3 Ng5 18. Nxg5 Qxg5 19. Rec2 Ne6 20. Qf3 f5 21. Qd1 h5 22. Nc3 Bf8 23. h4 Qe7 24. Ne2 Qf7 25. Nd4 c5 26. Nxe6 {Jacobson,B (2570)-Senthil,M (2356) Karlsruhe GER 2025 1-0}) 12. d4 c4 $146 ({RR} 12... Rc8 13. Re1 Re8 14. Re2 c4 15. a4 Rc7 16. Nd2 Qc8 17. bxc4 dxc4 18. e4 Bb4 19. Re1 Qa8 20. Qc2 Nf8 21. d5 Ng6 22. Nf3 Rce7 23. h3 Nd7 24. Red1 Nde5 25. Nxe5 Nxe5 26. Na2 Bc5 27. Bxe5 {Keymer,V (2698)-Pichot,A (2637) chess24.com INT 2022 1-0 (54)}) 13. Nd2 cxb3 14. Qxb3 Qe7 15. Nxd5 Nxd5 16. Bxd5 Bxd5 17. Qxd5 Nf6 18. Qc6 h6 19. Nc4 Bb4 20. Nxb6 Rab8 21. Nd5 Nxd5 22. Qxd5 Rfd8 23. Qc4 Qe4 24. Rfd1 Qf3 25. d5 Be1 26. Rxe1 Rxb2 27. Rc2 Rxc2 28. Qxc2 Qxd5 29. Rb1 h5 30. h4 g6 31. a4 Qe5 32. Qc4 Rd2 33. Qc8+ Kh7 34. Rb8 Rd1+ 35. Kh2 Rd3 36. Qg8+ Kh6 37. Rf8 Rd2 38. Rxf7 1-0

[Event "Titled Tue 13th Feb Late"]
[Site "chess.com INT"]
[Date "2024.02.13"]
[Round "4"]
[White "Anton Guijarro, D."]
[Black "Henriquez Villagra, C."]
[Result "1-0"]
[WhiteElo "2672"]
[BlackElo "2591"]
[PlyCount "89"]
[EventDate "2024.02.13"]

1. Nf3 d6 2. d4 Nf6 3. g3 c5 4. c4 cxd4 5. Nxd4 Nc6 6. Bg2 Bd7 7. Nc3 g6 8. O-O Bg7 9. Nxc6 Bxc6 10. e4 O-O ({RR} 10... h5 11. h3 O-O 12. Qe2 Nd7 13. Bd2 a6 14. Rac1 b5 15. cxb5 axb5 16. a3 Ne5 17. Bg5 Qd7 18. Rfd1 Rfe8 19. Nd5 Bxd5 20. Rxd5 Nc4 21. b3 Nxa3 22. e5 Qe6 23. Rd2 Ra6 24. exd6 Rxd6 25. Qxe6 {Oparin,G (2681)-Giri,A (2772) Warsaw 2021 ½-½ (46)}) 11. Qe2 ({RR} 11. Be3 a5 12. b3 Nd7 13. Rc1 Nc5 14. Re1 Qb6 15. Nd5 Bxd5 16. exd5 Rfe8 17. Bd2 Nd3 18. Be3 Nc5 19. Rb1 Qb4 20. Re2 Rac8 21. h4 h5 22. Bh3 Ra8 23. Qc2 Qc3 24. Qd1 Qb4 25. Bd2 Qb6 {Le,Q (2739)-Narayanan,S (2622) chess.com INT 2025 1-0 (40)}) 11... a6 $146 ({RR} 11... Nd7 12. Bd2 a5 13. b3 Nc5 14. Rac1 b6 15. Rfd1 Qc7 16. Nd5 Qb7 17. Bg5 f6 18. Bf4 Rfe8 19. h4 Rad8 20. h5 g5 21. Be3 h6 22. Bd4 Nd7 23. f4 e6 24. Qf2 gxf4 25. gxf4 Bxd5 26. exd5 {Radovanovic,M (2419)-Milanovic,D (2461) Belgrade 2018 1-0 (59)}) 12. Rd1 Nd7 13. Nd5 b5 14. Bg5 Re8 15. Rac1 h6 16. Be3 bxc4 17. Qxc4 Bxd5 18. Qxd5 Bxb2 19. Rb1 Bg7 20. e5 Nxe5 21. Qxa8 Qxa8 22. Bxa8 Rxa8 23. Rb7 Kf8 24. Rc1 g5 25. Rcc7 Bf6 26. h3 a5 27. Kg2 h5 28. a4 g4 29. hxg4 hxg4 30. Bd4 Kg7 31. Bxe5 dxe5 32. Ra7 Rd8 33. Rc4 Kg6 34. Rxg4+ Kf5 35. Rc4 e4 36. Rxa5+ Be5 37. Rc2 f6 38. Ra2 Rd3 39. Ra8 e3 40. fxe3 Rxe3 41. Rg8 Bd4 42. a5 Rc3 43. a6 Rc7 44. Rb8 Rc3 45. a7 1-0

[Event "Titled Tue 13th Feb Late"]
[Site "chess.com INT"]
[Date "2024.02.13"]
[Round "5"]
[White "Melkumyan, H."]
[Black "Prohaszka, P2."]
[Result "1-0"]
[WhiteElo "2640"]
[BlackElo "2578"]
[PlyCount "149"]
[EventDate "2024.02.13"]

1. Nf3 d5 2. e3 Nf6 3. c4 e6 4. Nc3 a6 5. b3 b6 6. Bb2 Bb7 7. g3 Nbd7 8. cxd5 exd5 9. Bg2 Bd6 10. O-O O-O 11. Ne2 ({RR} 11. Rc1 Re8 12. Re1 Nc5 13. d3 Bf8 14. Ne2 Ne6 15. Ne5 c5 16. d4 Rc8 17. Nf4 Nxf4 18. exf4 Rc7 19. Rc2 Ne4 20. dxc5 bxc5 21. Rce2 Qa8 22. Ng4 h5 23. Ne5 a5 24. Re3 Nf6 25. R3e2 a4 {Keymer,V (2726)-Duda,J (2734) Warsaw POL 2024 0-1 (40)}) ({RR} 11. Rc1 Re8 12. Ne2 a5 13. Ned4 Nc5 14. d3 Ba6 15. Nc6 Qd7 16. Nfe5 Bxe5 17. Nxe5 Qf5 18. g4 Qe6 19. Bd4 Rad8 20. g5 Nfd7 21. Nxd7 Qxd7 22. Bxc5 bxc5 23. Rxc5 Qf5 24. Qf3 Qxg5 25. Rd1 Qe7 {Smolik,J (2308)-Prelipcean,E (2169) Eforie Nord ROU 2025 1-0 (44)}) 11... Re8 12. Qc2 $146 ({RR} 12. d4 Ne4 13. Nf4 a5 14. a3 Qe7 15. h4 Ndf6 16. Re1 Bxf4 17. exf4 Ng4 18. Qc2 Qd6 19. Nh2 Nexf2 20. Nxg4 Nxg4 21. Bf3 Nf6 22. Re5 Nd7 23. Rc1 Nxe5 24. dxe5 Qe7 25. Qxc7 Rac8 26. Qxb6 Rxc1+ {Ratajczak,H (1958)-Kacprzak,K (2229) Bydgoszcz POL 2023 0-1 (47)}) 12... a5 13. Nf4 Nc5 14. Nd4 Bxf4 15. exf4 Ba6 16. Rfe1 Rxe1+ 17. Rxe1 Nd3 18. Re3 Nxb2 19. Qxb2 Qd7 20. Re5 Bb7 21. Nf5 Re8 22. Bh3 Qd8 23. Bg2 Bc8 24. Nd4 c5 25. Nc6 Qd6 26. Bxd5 Bd7 27. Rxe8+ Bxe8 28. Bxf7+ Bxf7 29. Ne5 Bd5 30. d4 Bb7 31. Qe2 Qxd4 32. Nd3 Qd5 33. f3 h5 34. Ne5 Qd4+ 35. Kg2 Qd5 36. Qc2 Qd4 37. Qf5 Qd2+ 38. Kh3 Qd5 39. Kg2 Qd2+ 40. Kh3 Qd8 41. Qg6 Bc8+ 42. g4 Qe8 43. Kg3 Qxg6 44. Nxg6 Kf7 45. Ne5+ Ke6 46. h3 hxg4 47. fxg4 Nd5 48. Nc4 Ba6 49. f5+ Ke7 50. Ne5 Kd6 51. Nf7+ Ke7 52. Ng5 Bc8 53. Ne4 Nb4 54. a3 Nd3 55. h4 Bb7 56. Nc3 Nc1 57. Na4 Nxb3 58. Nxb6 Ba6 59. Kf4 c4 60. h5 c3 61. Nd5+ Kd6 62. Nxc3 Nc5 63. Kg5 Nd7 64. Ne4+ Ke7 65. Kf4 Bb7 66. Nc3 Bc6 67. g5 Kf7 68. Ne2 Nc5 69. Nd4 Bd7 70. Ke5 Nd3+ 71. Kd6 Bc8 72. h6 gxh6 73. gxh6 Ne1 74. Ne6 Nf3 75. h7 1-0

[Event "Titled Tue 13th Feb Late"]
[Site "chess.com INT"]
[Date "2024.02.13"]
[Round "10"]
[White "Le, Quang Liem"]
[Black "Bacrot, E."]
[Result "1-0"]
[WhiteElo "2731"]
[BlackElo "2683"]
[PlyCount "59"]
[EventDate "2024.02.13"]

1. Nf3 d5 2. e3 Nf6 3. c4 e6 4. b3 b6 5. Bb2 Bb7 6. Nc3 Nbd7 7. Rc1 a6 8. cxd5 exd5 9. Ne2 c5 10. d4 g6 11. Nf4 Bg7 12. Be2 O-O $146 ({RR} 12... Ne4 13. Rc2 O-O 14. O-O Rc8 15. Qa1 Qe7 16. dxc5 Bxb2 17. Qxb2 bxc5 18. Nd2 Ndf6 19. Nxe4 Nxe4 20. Rfc1 Rc7 21. Bf3 Rfc8 22. Qa3 Qe8 23. Rd1 Qe5 24. Bxe4 Qxe4 25. Qc1 d4 26. f3 Qxe3+ 27. Qxe3 {Ubilava,E (2415)-Fuentes Guinot,A (2120) Benasque ESP 2024 ½-½ (76)}) 13. O-O Re8 14. Rc2 Rc8 15. Qa1 Ne4 16. dxc5 Bxb2 17. Qxb2 bxc5 18. Rd1 Nb6 19. Bd3 Qf6 20. Qc1 c4 21. Bxe4 Rxe4 22. Nd4 a5 23. Qb1 Ba6 24. h3 Ree8 25. Nde2 Qg5 26. Nc3 Red8 27. bxc4 Nxc4 28. Ncxd5 Na3 29. Qb2 Nxc2 30. Nf6+ 1-0

[Event "Djerba Masters 2024"]
[Site "Djerba TUN"]
[Date "2024.02.22"]
[Round "5.3"]
[White "Maurizzi, Marc'Andria"]
[Black "Moussard, J."]
[Result "1-0"]
[WhiteElo "2597"]
[BlackElo "2630"]
[PlyCount "81"]
[EventDate "2024.02.18"]

1. Nf3 Nf6 2. g3 d5 3. Bg2 e6 4. O-O Be7 5. d4 O-O 6. c4 c6 7. Nc3 a5 8. Bf4 dxc4 9. Ne5 Nd5 10. Nxc4 Nxf4 11. gxf4 Nd7 12. e3 Nb6 13. Ne5 f6 14. Nd3 Nd5 15. Rc1 Kh8 $146 ({RR} 15... b6 16. f5 Qe8 17. Qb3 Kh8 18. Rfd1 b5 19. Qc2 Ra6 20. fxe6 Nxc3 21. Qxc3 Bxe6 22. Nc5 Bxc5 23. Qxc5 Bd7 24. Qd6 Qc8 25. d5 Bg4 26. Rd4 Rd8 27. Qg3 Bf5 28. dxc6 Re8 29. c7 Ra7 30. Qd6 {Bacrot,E (2659)-Fitzsimons,D (2338) Vrnjacka Banja SRB 2023 1-0}) 16. Kh1 Bd6 17. Rg1 Qe7 18. Ne4 Bc7 19. Qh5 Nb4 20. Bf1 e5 21. dxe5 fxe5 22. Nxe5 Bxe5 23. Qxe5 Qxe5 24. fxe5 Be6 25. f4 Bxa2 26. Bc4 Bxc4 27. Rxc4 Nd5 28. Rg3 a4 29. Nd6 g6 30. f5 b5 31. Rcg4 a3 32. bxa3 Rxa3 33. e4 Ne3 34. e6 Rfa8 35. Rxe3 Rxe3 36. f6 Kg8 37. e7 Rf3 38. e5 Rf2 39. Kg1 Re2 40. e8=Q+ Rxe8 41. f7+ 1-0

[Event "Titled Tue 20th Feb Early"]
[Site "chess.com INT"]
[Date "2024.02.20"]
[Round "4"]
[White "Fier, A."]
[Black "Shimanov, A."]
[Result "1-0"]
[WhiteElo "2553"]
[BlackElo "2578"]
[PlyCount "161"]
[EventDate "2024.02.20"]

1. Nf3 d5 2. g3 Bg4 3. Bg2 Nd7 4. O-O e5 5. d3 Ngf6 6. h3 Bh5 7. g4 ({RR} 7. Qe1 c6 8. e4 dxe4 9. dxe4 Bc5 10. Nh4 a5 11. Nd2 a4 12. Nc4 b5 13. Ne3 O-O 14. Bd2 Re8 15. Nhf5 Qb6 16. Kh2 Nf8 17. a3 Ne6 18. c3 Qc7 19. Nc2 Rad8 20. Be3 Bxe3 21. fxe3 Bg6 {Bacrot,E (2712)-Short,N (2684) Playchess.com INT 2004 0-1 (65)}) 7... Bg6 8. Nh4 ({RR} 8. Nbd2 Bd6 9. Re1 c6 10. Nf1 Qc7 11. Ng3 e4 12. dxe4 dxe4 13. Nh4 Bxg3 14. Nxg6 Bh2+ 15. Kh1 hxg6 16. Be3 Bf4 17. Qd2 Bxe3 18. Qxe3 O-O-O 19. Kg1 Nb6 20. g5 Nfd5 21. Qxe4 Rde8 22. Qg4+ Qd7 {Nita,L (2143)-Orozbaev,E (2419) chess.com INT 2025 0-1 (44)}) 8... c6 9. e3 $146 ({RR} 9. Bg5 Qc7 10. Nd2 h6 11. Nxg6 fxg6 12. Bh4 Bd6 13. c4 g5 14. Bg3 h5 15. cxd5 Nxd5 16. Ne4 Be7 17. e3 h4 18. Bh2 O-O 19. Rc1 Qb6 20. Qc2 Rad8 21. Nd2 Bf6 22. Nc4 Qa6 23. a4 Kh8 {Schuetz,C (1946)-Kapus,F (1909) Graz 2014 1-0 (60)}) 9... Bc5 10. Nd2 Bb6 11. b3 O-O 12. Bb2 Re8 13. Nxg6 hxg6 14. Nf3 Bc7 15. Qe2 Qe7 16. Nd2 g5 17. Rfe1 e4 18. Nf1 Ne5 19. Ng3 Ng6 20. Nf5 Qe6 21. dxe4 dxe4 22. Rad1 Be5 23. c4 Rad8 24. Bxe5 Nxe5 25. Rd4 c5 26. Rxd8 Rxd8 27. Rd1 Rd3 28. f3 exf3 29. Bxf3 Rxd1+ 30. Qxd1 g6 31. Qd8+ Kh7 32. Bd5 Nxd5 33. cxd5 Qd7 34. Qxd7 Nxd7 35. Nd6 Kg7 36. Nxb7 Kf6 37. Kf2 Ke5 38. Nd8 f6 39. Nc6+ Kxd5 40. Nxa7 f5 41. Nb5 Nf6 42. Nc3+ Kc6 43. Kf3 Nd7 44. Kg3 Nf6 45. a4 Kb6 46. Nb5 Ne4+ 47. Kg2 Ka5 48. Nc7 Kb4 49. Nd5+ Kxb3 50. a5 Nd6 51. a6 Nb5 52. gxf5 gxf5 53. Kf3 c4 54. e4 f4 55. e5 c3 56. Nxc3 Kxc3 57. Kg4 Kd2 58. e6 f3 59. Kxf3 Nd4+ 60. Kg4 Nxe6 61. a7 Nc7 62. Kxg5 Kc3 63. h4 Kc4 64. h5 Kc5 65. Kf6 Kb6 66. h6 Kxa7 67. h7 Kb6 68. h8=Q Kc6 69. Qc8 Kd6 70. Qd8+ Kc6 71. Ke5 Nb5 72. Qc8+ Kb6 73. Kd5 Nc7+ 74. Kd4 Nb5+ 75. Ke5 Na7 76. Qd7 Nc6+ 77. Kd6 Nb4 78. Qc7+ Kb5 79. Qc3 Na6 80. Qb2+ Kc4 81. Qe2+ 1-0

[Event "Titled Tue 20th Feb Early"]
[Site "chess.com INT"]
[Date "2024.02.20"]
[Round "5"]
[White "Kosteniuk, A."]
[Black "Donchenko, Alexa"]
[Result "1-0"]
[WhiteElo "2501"]
[BlackElo "2636"]
[PlyCount "163"]
[EventDate "2024.02.20"]

1. Nf3 Nf6 2. g3 b5 3. Bg2 Bb7 4. d3 e6 5. a4 a6 6. O-O Be7 7. e4 d6 8. Nc3 b4 9. Ne2 Nbd7 $146 ({RR} 9... O-O 10. Bd2 c5 11. Ng5 d5 12. e5 Nfd7 13. Nf3 Nc6 14. Bf4 d4 15. h4 Nb6 16. Nd2 Nd5 17. Nc4 Rb8 18. Bd2 Qc7 19. f4 f6 20. exf6 Bxf6 21. Bh3 Bc8 22. Kh2 Nce7 23. Ng1 Nb6 24. Qe2 {Zakharov,Y (1583)-Vasiltsova,Y (1818) St Petersburg RUS 2024 0-1 (40)}) 10. c3 a5 11. Re1 O-O 12. h3 c5 13. c4 Re8 14. g4 Nf8 15. Ng3 d5 16. e5 N6d7 17. Qe2 Ng6 18. Nh5 Qc7 19. Nf4 Ndf8 20. cxd5 Nxf4 21. Bxf4 Bxd5 22. Nd2 Bxg2 23. Kxg2 Red8 24. Rac1 Rac8 25. b3 Qd7 26. Nc4 Ng6 27. Bg3 Qxd3 28. Qxd3 Rxd3 29. Nxa5 Ra8 30. Nc6 Bf8 31. Re3 Rxe3 32. fxe3 Rc8 33. Na5 Ne7 34. e4 g5 35. Nb7 Ng6 36. a5 Rc6 37. Ra1 Ra6 38. Bf2 Nxe5 39. Bxc5 Nc6 40. Bxf8 Kxf8 41. Rc1 Ke7 42. Nc5 Rxa5 43. Nxe6 Ra2+ 44. Kg3 fxe6 45. Rxc6 Rb2 46. Rc7+ Kf6 47. Rxh7 Ke5 48. Rg7 Rxb3+ 49. Kg2 Kf4 50. Rb7 Rb2+ 51. Kf1 b3 52. Rb4 Kg3 53. e5 Kxh3 54. Kg1 Kg3 55. Kf1 Kf3 56. Kg1 Re2 57. Rxb3+ Kxg4 58. Rb5 Kf4 59. Kf1 Rxe5 60. Rb8 Ra5 61. Rb4+ Kf5 62. Kf2 Ra3 63. Rc4 e5 64. Rb4 e4 65. Rb8 Kg4 66. Re8 Ra2+ 67. Ke3 Kg3 68. Rxe4 g4 69. Rb4 Kh3 70. Rb8 g3 71. Kf3 Rf2+ 72. Ke3 Kg2 73. Rg8 Rf7 74. Ke2 Kh2 75. Rh8+ Kg1 76. Rg8 g2 77. Rg7 Re7+ 78. Rxe7 Kh2 79. Rh7+ Kg3 80. Rg7+ Kh2 81. Kf2 Kh1 82. Rh7# 1-0

[Event "Titled Tue 20th Feb Late"]
[Site "chess.com INT"]
[Date "2024.02.20"]
[Round "5"]
[White "Pranav, V."]
[Black "Bortnyk, Olexandr"]
[Result "1-0"]
[WhiteElo "2611"]
[BlackElo "2608"]
[PlyCount "181"]
[EventDate "2024.02.20"]

1. Nf3 Nf6 2. g3 b6 3. Bg2 Bb7 4. O-O g6 5. d3 Bg7 6. e4 d6 7. Re1 Nfd7 $146 ({RR} 7... O-O 8. Nc3 e5 9. d4 Nbd7 10. a4 a5 11. d5 Nc5 12. Bg5 h6 13. Bd2 Ne8 14. Nh4 Kh7 15. Be3 Bf6 16. Nf3 Bg7 17. h4 Bc8 18. h5 g5 19. Nh2 f5 20. exf5 Bxf5 21. Bxc5 bxc5 22. Be4 {Lenic,L (2639)-Svane,R (2543) Berlin 2015 1-0 (40)}) ({RR} 7... O-O 8. Nc3 c5 9. d4 cxd4 10. Nxd4 Qd7 11. Nd5 Nc6 12. Nxc6 Bxc6 13. Bg5 Bxd5 14. exd5 Rac8 15. c3 Rfe8 16. a4 h6 17. Bd2 Qf5 18. Qb1 Qxb1 19. Rexb1 a5 20. Be3 Rb8 21. Ra3 Nd7 22. Bf1 {Carlsen,M (2835)-Bortnyk,O (2608) chess.com INT 2023 1-0 (47)}) ({RR} 7... O-O 8. Nbd2 c5 9. c3 Nc6 10. d4 cxd4 11. cxd4 Rc8 12. a3 Nd7 13. Nb3 e5 14. Bg5 Bf6 15. Bh6 Bg7 16. Bg5 Bf6 17. Bh6 Bg7 18. Qd2 Qe7 19. Rad1 Bxh6 20. Qxh6 Nxd4 21. Nbxd4 exd4 22. Nxd4 {Ghasi,A (2502)-Johansson,L (2392) Fagernes NOR 2025 ½-½ (56)}) ({RR} 7... O-O 8. c3 e5 9. Nbd2 Nbd7 10. d4 Re8 11. Qc2 exd4 12. cxd4 c5 13. d5 b5 14. a4 a6 15. Nf1 c4 16. Bf4 Nc5 17. Nd4 Nxa4 18. Nc6 Bxc6 19. dxc6 Nh5 20. Rxa4 Nxf4 21. gxf4 bxa4 22. Qxa4 {Vlachos,A (2455)-Bortnyk,O (2603) chess.com INT 2024 0-1 (31)}) 8. d4 c5 9. e5 O-O 10. exd6 exd6 11. Bg5 Qc7 12. Nc3 cxd4 13. Nb5 Qc5 14. Nbxd4 Bxf3 15. Nxf3 Bxb2 16. Bh6 Rc8 17. Rb1 Bc3 18. Re3 Nc6 19. Ng5 Bg7 20. Bxg7 Kxg7 21. Bd5 Nde5 22. Bxf7 Nd4 23. Bb3 Re8 24. Ne4 Qb4 25. c3 Ndf3+ 26. Kg2 Qb5 27. Rxf3 Nxf3 28. Qxf3 Qe5 29. Nd2 Rac8 30. c4 Rf8 31. Qd5 Qe2 32. Rf1 Rc5 33. Qd4+ Qe5 34. Qxe5+ Rxe5 35. Nf3 Re2 36. Rd1 Rf6 37. Rd4 h5 38. h4 a5 39. Rd5 Kf8 40. Rb5 a4 41. Bxa4 Rxa2 42. Bb3 Ra6 43. Bc2 Kg7 44. Be4 Kf8 45. Bd5 Kg7 46. Rb2 Kf8 47. Nd4 Kg7 48. Ne6+ Kh8 49. Nc7 Ra7 50. Ne8 Rf8 51. Nxd6 Rd7 52. Ne4 Rb8 53. Nc3 Kg7 54. Re2 Rbd8 55. Re6 Rb8 56. Be4 Kf7 57. Rxg6 b5 58. cxb5 Rd4 59. Rc6 Rd2 60. Bd5+ Kg7 61. Bf3 Rd3 62. Rc7+ Kh6 63. Rc6+ Kg7 64. Bxh5 Rf8 65. Bg4 Rd4 66. f3 Rd2+ 67. Kh3 Rb2 68. Bh5 Kh8 69. Ne4 Rxb5 70. Bg4 Rb1 71. f4 Rh1+ 72. Kg2 Ra1 73. Ng5 Rb8 74. Bf3 Ra3 75. Kh3 Ra5 76. Kg4 Kg7 77. Rc7+ Kh8 78. Be4 Ra6 79. h5 Kg8 80. Bg6 Rf8 81. Bd3 Rh6 82. Bc4+ Kh8 83. Nf7+ Kg7 84. Nxh6+ Kxh6 85. Rc6+ Kg7 86. h6+ Kh7 87. Bd3+ Kh8 88. Bf5 Rg8+ 89. Kf3 Rb8 90. Rc8+ Rxc8 91. Bxc8 1-0

[Event "Titled Tue 20th Feb Late"]
[Site "chess.com INT"]
[Date "2024.02.20"]
[Round "8"]
[White "Andreikin, D."]
[Black "Anton Guijarro, D."]
[Result "1-0"]
[WhiteElo "2729"]
[BlackElo "2672"]
[PlyCount "57"]
[EventDate "2024.02.20"]

1. Nf3 c5 2. g3 b5 3. Bg2 Bb7 4. O-O Nf6 5. Na3 a6 ({RR} 5... b4 6. Nc4 d5 7. Nce5 Nbd7 8. c4 e6 9. d4 Be7 10. dxc5 Nxc5 11. a3 a5 12. Nd4 O-O 13. Ndc6 Qc7 14. Nxe7+ Qxe7 15. Be3 Rfd8 16. axb4 axb4 17. Rxa8 Bxa8 18. Qd4 Nfe4 19. cxd5 exd5 20. Nd3 {Artemiev,V (2728)-Idani,P (2577) Moscow 2020 ½-½ (84)}) 6. c4 b4 7. Nc2 e6 8. b3 $146 ({RR} 8. d4 cxd4 9. Ncxd4 Be7 10. a3 bxa3 11. b3 d5 12. Bxa3 Bxa3 13. Rxa3 dxc4 14. bxc4 O-O 15. Qa1 Nbd7 16. Rb1 Be4 17. Rc1 Nc5 18. Ne1 Bxg2 19. Kxg2 Qc7 20. Ndf3 Nfe4 21. Qe5 Qb6 22. Nd3 Rfd8 {Finszter,M (2297)-Petran,P (2306) Hungary 2019 ½-½ (38)}) ({RR} 8. d3 Be7 9. e4 O-O 10. b3 d5 11. cxd5 exd5 12. e5 Ne8 13. d4 Nc7 14. dxc5 Bxc5 15. Be3 Be7 16. Ncd4 Re8 17. Rc1 Nd7 18. Nc6 Bxc6 19. Rxc6 Bf8 20. Qc2 Nb5 21. Ng5 g6 22. e6 Ne5 {Avvakumov,M (1736)-Bocharov,D (2513) Yekaterinburg RUS 2024 1-0}) 8... a5 9. d4 Be7 10. d5 exd5 11. Nh4 O-O 12. Nf5 Ne4 13. Nce3 Nc3 14. Qc2 Bf6 15. Bb2 Bc6 16. Nxd5 Bxd5 17. Bxd5 Nxd5 18. cxd5 d6 19. e4 Re8 20. Rae1 Bxb2 21. Qxb2 f6 22. f4 Nd7 23. Nxd6 c4 24. Nxe8 c3 25. Qf2 Qxe8 26. e5 Rc8 27. e6 Nc5 28. d6 Nd3 29. d7 1-0

[Event "Titled Tue 20th Feb Late"]
[Site "chess.com INT"]
[Date "2024.02.20"]
[Round "9"]
[White "Melkumyan, H."]
[Black "Kourkoulos Arditis, Stamatis"]
[Result "1-0"]
[WhiteElo "2640"]
[BlackElo "2556"]
[PlyCount "99"]
[EventDate "2024.02.20"]

1. Nf3 g6 2. e4 Bg7 3. d4 d6 4. Bc4 Nf6 5. Qe2 O-O 6. O-O c6 7. e5 Nd5 ({RR} 7... dxe5 8. dxe5 Nd5 9. Rd1 Bg4 10. Nbd2 Nd7 11. h3 Be6 12. Ne4 Nxe5 13. Nxe5 Bxe5 14. Nc5 Qd6 15. Nxe6 Qxe6 16. Re1 Bd4 17. Qxe6 fxe6 18. Kh2 Rxf2 19. c3 Bc5 20. Rxe6 Raf8 21. Bh6 R8f6 22. Rxf6 {Saric,I (2646)-Petrosian,T (2601) Chess.com INT 2020 0-1}) 8. Bg5 ({RR} 8. Re1 Bg4 9. h3 Bxf3 10. Qxf3 dxe5 11. dxe5 Nd7 12. Bxd5 cxd5 13. Qxd5 Nxe5 14. Qxb7 Rc8 15. Na3 Rc7 16. Qe4 f5 17. Qe2 f4 18. Qe4 f3 19. Bf4 Rc5 20. b4 Rd5 21. Bg3 fxg2 22. Kxg2 Nf3 {Bjerre,J (2648)-Aliyev,R (2338) chess.com INT 2024 0-1}) 8... h6 $146 ({RR} 8... Be6 9. Bb3 dxe5 10. dxe5 Qc7 11. Re1 Bg4 12. c4 Nb6 13. Nbd2 c5 14. h3 Bf5 15. Nf1 Rd8 16. Rad1 Nc6 17. Ne3 Be4 18. Nd5 Bxf3 19. Qxf3 Nxd5 20. cxd5 Nxe5 {½-½ (20) Vasiljev,J (2032)-Visser,D (2030) Krefeld 2007}) 9. Bh4 Be6 10. Bxd5 cxd5 11. c3 Nc6 12. Nbd2 dxe5 13. Nxe5 Nxe5 14. dxe5 d4 15. cxd4 g5 16. Bg3 Qxd4 17. Nf3 Qc4 18. Qe3 Bd5 19. Rfc1 Qe4 20. Qxe4 Bxe4 21. Rc7 e6 22. Re1 Bd5 23. h4 Rfc8 24. Rec1 Rxc7 25. Rxc7 g4 26. Nh2 h5 27. Nf1 Bxa2 28. Bf4 Bd5 29. Ng3 a5 30. Nxh5 b5 31. Nf6+ Bxf6 32. exf6 b4 33. Bd6 Ra6 34. Rd7 Kh7 35. Rxf7+ Kg6 36. Rd7 Kxf6 37. Kh2 Rc6 38. Kg3 Rc2 39. Ra7 Rxb2 40. Rxa5 b3 41. Rb5 Rb1 42. Bf4 Bc4 43. Rb4 Bd5 44. h5 Rh1 45. h6 Rh5 46. Be3 Rf5 47. Rxg4 Re5 48. Bd4 Kf5 49. Bxe5 Kxe5 50. h7 1-0

[Event "Titled Tue 20th Feb Late"]
[Site "chess.com INT"]
[Date "2024.02.20"]
[Round "11"]
[White "Nakamura, Hi"]
[Black "Quesada Perez, Yu"]
[Result "1-0"]
[WhiteElo "2788"]
[BlackElo "2591"]
[PlyCount "123"]
[EventDate "2024.02.20"]

1. Nf3 {Prathamesh,Sunil Mokal} ({RR} 1. d4 Nf6 2. c4 g6 3. g3 Bg7 4. Bg2 d5 5. cxd5 Nxd5 6. Nf3 Nb6 7. Nc3 Nc6 8. e3 e5 9. d5 Nb4 10. e4 c6 11. a3 Na6 12. a4 O-O 13. a5 Nc4 14. Qb3 cxd5 15. Nxd5 Nxa5) 1... d5 2. g3 c6 3. Bg2 Bg4 4. O-O e6 5. d3 Bd6 6. Nbd2 ({RR} 6. c4 Ne7 7. cxd5 exd5 8. Nc3 O-O 9. h3 Bh5 10. e4 Na6 ({RR} 10... Nd7 11. Qc2 ({RR} 11. exd5 cxd5 ({RR} 11... Nxd5 12. Nxd5 cxd5 13. Qb3) 12. g4 Bg6 13. Nh4) 11... Rc8 12. Nd4 ({RR} 12. Be3) 12... Bg6 13. f4 Bc5 ({RR} 13... Qb6) 14. Be3) ({RR} 10... dxe4 11. dxe4 Qc7 12. Qc2 Nd7 13. Be3 Rad8 14. Nd4) 11. exd5 ({RR} 11. g4 Bg6 12. Nd4 ({RR} 12. Nh4) 12... Re8 13. f4 Bc5 ({RR} 13... Qb6 14. Be3 Qxb2) 14. Be3) 11... cxd5 ({RR} 11... Nxd5 12. Nxd5 cxd5 13. Qb3) 12. Re1 ({RR} 12. g4 Bg6 13. Nh4) 12... Nc6 13. d4 ({RR} 13. g4 Bg6 14. Nxd5 Nc5 ({RR} 14... Nab4 15. Nxb4 Nxb4 16. Ne5 Re8 ({RR} 16... Nxd3 17. Nxd3 Bxd3 18. Bxb7 ({RR} 18. Qxd3 Bh2+) 18... Rb8 19. Qf3) 17. Bd2 Bxe5 18. Bxb4 Bxd3) 15. d4 Nd3) 13... Nc7 14. a3 h6 15. b4 Rc8 ({RR} 15... Re8 16. Rxe8+ ({RR} 16. Bb2 Rxe1+ 17. Qxe1 Bxf3 18. Bxf3 Nxd4) 16... Qxe8 17. Bb2) 16. Bb2 a6 ({RR} 16... Re8) 17. Na4 a5 18. Nc5 ({RR} 18. Nb6 Rb8 19. bxa5 Nxa5 20. g4 Bg6 21. Ne5 Bxe5 22. dxe5) 18... axb4 19. axb4 Rb8 ({RR} 19... b6 20. Qa4 bxc5 21. dxc5 Nxb4 22. cxd6 Qxd6 23. Be5 Qb6 24. Rab1 Nca6 25. Bd4 Qd6 26. Nh4 Bg6 27. Nxg6 fxg6 28. Bf1) 20. Qa4 ({RR} 20. Qb3 b6 21. Nd3 f6 ({RR} 21... Bxf3 22. Bxf3 Ne6 23. Qxd5 Nxb4 24. Qb3) 22. Rac1) 20... Bxf3 {Carlsen,M (2850)-Adams,M (2744) London 2015 CBM 170 [Prathamesh,Sunil Mokal] ½-½ (78)}) ({RR} 6. c4 Ne7 7. Nc3 Nd7 8. h3 Bh5 9. Be3 O-O 10. Qb3 Qb8 11. Rac1 Re8 12. Bd2 a6 13. e4 dxc4 14. dxc4 Nc5 15. Qc2 e5 16. b4 Ne6 17. c5 Bc7 18. Be3 Rd8 19. g4 Bg6 20. Rfd1 h5 {Tabuenca Mendataurigoitia,D (2344)-Quesada Perez,Y (2591) chess.com INT 2024 0-1 (34)}) 6... Ne7 7. h3 Bh5 8. g4 $146 ({RR} 8. b3 Nd7 9. Bb2 f6 10. Qe1 e5 11. e4 O-O 12. d4 exd4 13. exd5 Bb4 14. Nxd4 Re8 15. dxc6 Nxc6 16. Qc1 Nxd4 17. Bxd4 Ne5 18. c3 Nd3 19. Qc2 Be2 20. Nf3 Bc5 21. Rfb1 Qb6 22. Bf1 Nf4 {Schmidt,W-Marszalek,R Gdynia 1973 1-0}) ({RR} 8. e4 O-O 9. Re1 a5 10. a4 Nd7 11. Qe2 Re8 12. g4 Bg6 13. e5 Bc7 14. Nf1 c5 15. c3 Nc6 16. Bf4 f6 17. d4 cxd4 18. cxd4 fxe5 19. dxe5 Rf8 20. Bg3 Nc5 21. Nh4 Be4 22. f4 Nd3 {Budrewicz,K (2185)-Zhigalko,S (2572) chess.com INT 2025 0-1 (33)}) 8... Bg6 9. Nh4 Nd7 10. e3 Ng8 11. Nxg6 hxg6 12. f4 Ne7 13. c4 a6 14. b3 Qb6 15. d4 Qa5 16. Qc2 Ba3 17. b4 Bxb4 18. Rb1 Bxd2 19. Bxd2 Qc7 20. Rb3 O-O 21. Bb4 Nf6 22. g5 Nh5 23. Kh2 Rfe8 24. Bxe7 Rxe7 25. c5 Rb8 26. Rfb1 Nxf4 27. exf4 Qxf4+ 28. Kh1 Qxd4 29. Qc3 Qf4 30. Qe3 Qxe3 31. Rxe3 e5 32. h4 f5 33. Bf1 Rd8 34. Rd1 e4 35. Rd4 Kf7 36. Kg2 Ke6 37. Rb3 Ke5 38. Rdb4 Rdd7 39. Rh3 d4 40. h5 gxh5 41. Rxh5 d3 42. Rh1 f4 43. Kf2 Rd5 44. g6 Kf6 45. Bg2 d2 46. Rd1 f3 47. Bf1 Red7 48. Rxe4 Rxc5 49. Kxf3 Rc1 50. Be2 Kxg6 51. Ke3 Rc3+ 52. Kf2 Rc1 53. Rb4 b5 54. Rb3 c5 55. Rd3 Rxd1 56. Rxd7 Ra1 57. Rxd2 c4 58. Rd6+ Kf5 59. Rxa6 Ke5 60. Ke3 g5 61. Ra5 Kd6 62. Kd4 1-0